000 00533nam a2200205Ia 4500
005 20250508164652.0
008 008 250505s9999 xx 000 0 hin d
020 _a978-81-8143-857
037 _aTextual
040 _aFEDL
_beng
_cFEDL
041 _ahin
_2hin
084 _a891.443, MAH
_qFEDL
100 _aMahashweta Devi
245 0 _aDurghtana
260 _aNew Delhi, India
_bVani Prakashan
_c2008
300 _a108p.
365 _aINR
_b16
942 _cTEXL
_h891.443, MAH
999 _c1390446
_d1390446